A star of hope for Mexico, (Record no. 15962)

MARC details
000 -LEADER
fixed length control field 00892cam a22002651 4500
001 - CONTROL NUMBER
control field ca 25000495
003 - CONTROL NUMBER IDENTIFIER
control field DLC
005 - DATE AND TIME OF LATEST TRANSACTION
control field 20260227111114.0
007 - PHYSICAL DESCRIPTION FIXED FIELD--GENERAL INFORMATION
fixed length control field cr_|||||||||||
008 - FIXED-LENGTH DATA ELEMENTS--GENERAL INFORMATION
fixed length control field 840913r19161916nyu 000 0 eng
010 ## - LIBRARY OF CONGRESS CONTROL NUMBER
LC control number ca 25000495
035 ## - SYSTEM CONTROL NUMBER
System control number (OCoLC)11151217
040 ## - CATALOGING SOURCE
Original cataloging agency DLC
Transcribing agency CoU
Modifying agency DLC
042 ## - AUTHENTICATION CODE
Authentication code premarc
050 00 - LIBRARY OF CONGRESS CALL NUMBER
Classification number F1234
Item number .D13
100 1# - MAIN ENTRY--PERSONAL NAME
Personal name Dabney, Charles William,
Dates associated with a name 1855-1945.
245 12 - TITLE STATEMENT
Title A star of hope for Mexico,
Statement of responsibility, etc. by Charles William Dabney.
260 ## - PUBLICATION, DISTRIBUTION, ETC.
Place of publication, distribution, etc. New York,
Name of publisher, distributor, etc. Latin-American News Association
Date of publication, distribution, etc. [1916]
300 ## - PHYSICAL DESCRIPTION
Extent 15 p.
Dimensions 23 cm.
500 ## - GENERAL NOTE
General note Reprinted from the Outlook, March 22, 1916, and Commerce and finance March 29, 1916.
530 ## - ADDITIONAL PHYSICAL FORM AVAILABLE NOTE
Additional physical form available note Also available in digital form on the Internet Archive Web site.
651 #0 - SUBJECT ADDED ENTRY--GEOGRAPHIC NAME
Geographic name Mexico
General subdivision Social conditions.
650 #0 - SUBJECT ADDED ENTRY--TOPICAL TERM
Topical term or geographic name entry element Education
Geographic subdivision Mexico.
856 41 - ELECTRONIC LOCATION AND ACCESS
Uniform Resource Identifier <a href="http://hdl.loc.gov/loc.gdc/scd0001.00158290273">http://hdl.loc.gov/loc.gdc/scd0001.00158290273</a>

No items available.

Powered by Koha